Детская хирургия: атрезия пищевода у детей, учебник для вузов

Λεπτομέρειες βιβλιογραφικής εγγραφής
Κύριος συγγραφέας: Сварич В. Г. Вячеслав Гаврилович
Περίληψη:URL: https://urait.ru/bcode/569293 (дата обращения: 27.08.2025).
В курсе изложена этиология, патогенез, клиника, диагностика и основные методы лечения атрезии пищевода у детей. Курс раскрывает современный взгляд на заболевание, снабжен обширным иллюстративным материалом и содержит результаты современных научных исследований. Для студентов высших учебных заведений, обучающихся по медицинским направлениям.
Έκδοση: Москва, Юрайт, 2025
Σειρά:Высшее образование
Θέματα:
Διαθέσιμο Online:https://urait.ru/bcode/569293
Μορφή: Ηλεκτρονική πηγή Βιβλίο

MARC

LEADER 00000nam a2200000 4500
001 RU/URAIT/569293
003 https://urait.ru/bcode/569293
005 20250827050525.1
010 |a 978-5-534-20486-5  |d 0.00 
073 1 |a 9785534204865  |d 0.00 
100 |a 20241025d2025 km y0rusy50 ca 
101 0 |a rus 
102 |a RU 
105 |a y j 000yy 
106 |a s 
200 1 |a Детская хирургия: атрезия пищевода у детей  |e учебник для вузов  |f В. Г. Сварич. 
210 |a Москва  |c Юрайт  |d 2025 
215 |a 45 с 
225 1 |a Высшее образование 
230 |a Электрон. дан. 
300 |a URL: https://urait.ru/bcode/569293 (дата обращения: 27.08.2025). 
330 |a В курсе изложена этиология, патогенез, клиника, диагностика и основные методы лечения атрезии пищевода у детей. Курс раскрывает современный взгляд на заболевание, снабжен обширным иллюстративным материалом и содержит результаты современных научных исследований. Для студентов высших учебных заведений, обучающихся по медицинским направлениям. 
337 |a Режим доступа: Электронно-библиотечная система Юрайт, для авториз. пользователей 
610 2 |a Хирургия. Травматология, ортопедия и военно-полевая хирургия 
610 2 |a Медицина и фармакология 
610 2 |a Госпитальная хирургия, детская хирургия 
610 2 |a Детская хирургия 
610 2 |a Новые технологии в акушерстве и неонатологии 
610 2 |a Неонатология 
610 2 |a Практическая неонатология 
610 2 |a Реанимация и интенсивная терапия в неонатологии 
610 2 |a Избранные вопросы неонатологии 
610 2 |a Общая неонатология 
610 2 |a Частная неонатология 
610 2 |a Актуальные вопросы неонатологии 
610 2 |a Неонатальная хирургия и интенсивная терапия 
675 |a 616.329089(075.8) 
686 |a 54.57я73  |2 rubbk 
700 1 |a Сварич  |b В. Г.  |g Вячеслав Гаврилович 
801 0 |a RU  |b ИКО Юрайт  |c 20241025  |g RCR  |2 rusmarc 
801 1 |a RU  |b ИКО Юрайт  |c 20241025  |g RCR  |2 rusmarc 
856 4 0 |n Юрайт  |g Электронная книга  |q html  |h ЮРАЙТ  |v 20250912  |2 Показать документ  |u https://urait.ru/bcode/569293 
955 |a учебник 
957 |a Госпитальная хирургия, детская хирургия 
957 |a Детская хирургия 
957 |a Новые технологии в акушерстве и неонатологии 
957 |a Неонатология 
957 |a Практическая неонатология 
957 |a Реанимация и интенсивная терапия в неонатологии 
957 |a Избранные вопросы неонатологии 
957 |a Общая неонатология 
957 |a Частная неонатология 
957 |a Актуальные вопросы неонатологии 
957 |a Неонатальная хирургия и интенсивная терапия 
900 |l